|
|
|
|
| LEADER |
01849nam a22004091i 4500 |
| 001 |
EBC3318734 |
| 003 |
MiAaPQ |
| 005 |
20200520144314.0 |
| 006 |
m o d | |
| 007 |
cr cnu|||||||| |
| 008 |
101216s2011 mdua ob 001 0 eng d |
| 020 |
|
|
|z 9781421401904
|
| 020 |
|
|
|a 9781421403496
|q (electronic bk.)
|
| 035 |
|
|
|a (MiAaPQ)EBC3318734
|
| 035 |
|
|
|a (Au-PeEL)EBL3318734
|
| 035 |
|
|
|a (CaPaEBR)ebr10790447
|
| 035 |
|
|
|a (OCoLC)798295742
|
| 040 |
|
|
|a MiAaPQ
|b eng
|e rda
|e pn
|c MiAaPQ
|d MiAaPQ
|
| 043 |
|
|
|a n-us---
|
| 050 |
|
4 |
|a HE5620.D72
|b L47 2011
|
| 082 |
0 |
|
|a 363.12/5140973
|2 22
|
| 100 |
1 |
|
|a Lerner, Barron H.
|
| 245 |
1 |
0 |
|a One for the road :
|b drunk driving since 1900 /
|c Barron H. Lerner.
|
| 264 |
|
1 |
|a Baltimore :
|b Johns Hopkins University Press,
|c 2011.
|
| 300 |
|
|
|a 1 online resource (239 pages) :
|b illustrations
|
| 336 |
|
|
|a text
|2 rdacontent
|
| 337 |
|
|
|a computer
|2 rdamedia
|
| 338 |
|
|
|a online resource
|2 rdacarrier
|
| 504 |
|
|
|a Includes bibliographical references (pages [181]-205) and index.
|
| 505 |
0 |
|
|a Introduction : what's the harm? -- The discovery of drunk driving -- Science and government enter the fray -- The MADD mothers take charge -- The movement matures and splinters -- Lamb, lightner, and libertarians : a backlash -- Conclusion: more (and more) stories.
|
| 588 |
|
|
|a Description based on online resource; title from PDF title page (ebrary, viewed December 4, 2013).
|
| 590 |
|
|
|a Electronic reproduction. Ann Arbor, MI : ProQuest, 2015. Available via World Wide Web. Access may be limited to ProQuest affiliated libraries.
|
| 650 |
|
0 |
|a Drunk driving
|z United States
|x Prevention.
|
| 650 |
|
0 |
|a Drunk driving
|z United States.
|
| 655 |
|
4 |
|a Electronic books.
|
| 797 |
2 |
|
|a ProQuest (Firm)
|
| 856 |
4 |
0 |
|u https://ebookcentral.proquest.com/lib/matrademy/detail.action?docID=3318734
|z Click to View
|